000 00659nam a2200253 i 4500
001 C2-0253890
003 PPAK
005 20180727221327.0
008 040411s2004 my a|||| ||||| | eng d
020 _a9831281098
040 _aPPAK
_beng
_cPPAK
_erda
082 0 4 _a500
_223
090 0 0 _a500
_bWAT
_dK
245 0 0 _aWater and floating
264 1 _aKuala Lumpur :
_bPrint Publisher ,
_c2004
300 _a32 pages :
_bcolour illustrations ;
_c28 cm
336 _2rdacontent
_atext
337 _2rdamedia
_aunmediated
338 _2rdacarrier
_avolume
490 1 _aScience genius
650 1 0 _aScience
830 0 _aScience genius
942 _ddc
_cB
999 _c66678
_d66678